000
00321pab a2200145 454500
008
180718b1988 xxu||||| |||| 00| 0 eng d
100
_a
Nanda, Sudip Kumar
245
_a
Drought and its fall - out
260
_c
1988
300
_a
11-12
362
_a
2 Jan.
650
_a
Drought
773
_a
Mainstream
909
_a
7410
999
_c
7410
_d
7410